|
|
|
|
| LEADER |
01073nam a22003252a 4500 |
| 001 |
000548364 |
| 003 |
CZ BrMZK |
| 005 |
20181130103052.0 |
| 007 |
ta |
| 008 |
000105s1961 xr f cze d |
| 040 |
|
|
|a BOA001
|b cze
|
| 041 |
0 |
|
|a cze
|b ger
|
| 043 |
|
|
|a e-xr---
|b e-xr-mr
|2 czenas
|
| 072 |
|
7 |
|a 56
|x Paleontologie
|2 Konspekt
|9 7
|
| 080 |
|
|
|a 56:591.9
|2 MRF
|
| 080 |
|
|
|a (437.32-191.2)
|2 MRF
|
| 080 |
|
|
|a (0.036.6)
|2 MRF
|
| 100 |
1 |
|
|a Musil, Rudolf,
|d 1926-2022
|7 jk01082523
|4 aut
|
| 245 |
1 |
0 |
|a Magdalénská fauna Hadí jeskyně /
|c Rudolf Musil
|
| 260 |
|
|
|a Brno :
|b Moravské museum,
|c 1961
|
| 300 |
|
|
|a s. 51-66
|
| 504 |
|
|
|a Obsahuje bibliografii
|
| 546 |
|
|
|a Německé resumé
|
| 650 |
0 |
7 |
|a fosilní fauna
|7 ph114566
|z Česko
|2 czenas
|
| 651 |
|
7 |
|a Moravský kras (Česko)
|7 ge130097
|2 czenas
|
| 655 |
|
7 |
|a separáty
|7 fd131867
|2 czenas
|
| 772 |
0 |
8 |
|i Separát ze seriálu:
|t Časopis Moravského musea,
|g 46, 1961
|
| 910 |
|
|
|a BOA001
|b X-0468.439
|
| 990 |
|
|
|a BK
|
| 996 |
6 |
|
|b 2619723894
|c X-0468.439
|l MZK
|r Sklad / do 24 hodin
|n 5
|w 000548364
|u 000010
|a 1
|e BOA001
|j MZK50
|s P
|